| 000 | 00476nam a22001577a 4500 | ||
|---|---|---|---|
| 999 |
_c60727 _d60727 |
||
| 005 | 20231016103241.0 | ||
| 008 | 231016s1974 ru ||||| |||| 00| 0 rus d | ||
| 041 | _arus | ||
| 080 | _a72(082.1) M-27 | ||
| 100 |
_aМарковин В.И. _920081 |
||
| 245 |
_aДорогами и тропами Дагестана / _cВ.И. Марковин. |
||
| 264 |
_aМосква, _c1974. |
||
| 300 |
_a184 стр.: _b17 cm. |
||
| 653 | _a დაღესტანი | ||
| 942 |
_2udc _cBK |
||